000 00684nam a2200193 a 4500
001 BRCA_1020
005 20190320203239.0
008 111105s2003----bl-a---###---#000-0#ita-d
020 _a8587594052
050 4 _aN6502.3
_b.B54 2003
245 1 0 _a4a Bienal do Mercosul.
260 _aPuerto Alegre, Brasil
_bFundacó Bienal de Artes Visuais do Mercosul
_c2003
300 _a432 p.
_bil. (algunas a color)
_c29 cm.
500 _a2do. ejemplar en el Área de Investigación
611 2 4 _aBienal de Artes Vasuais do Mercosul
_n4th
_d2003
_cPorto Alegre, Brazil
_93356
650 1 4 _aArte latinoamérica
_vExposiciones
_93357
650 1 4 _aArte sudamericano
_vExposiciones
_93358
942 _2lcc
_cB
999 _c900
_d900